Statistiques concernant Gamme de Mots - C

Cliquez ici pour prendre le quiz!

Statistiques générales

  • Ce quiz a été pris 164 fois
  • Le résultat moyen est 7 sur 21

Statistiques - réponses

DéfinitionRéponse% Correct
Symbole du carboneC
100%
Peut-être "à main", "à dos", "banane"...SAC
94%
Titre de Stephen KingÇA
91%
Pacte civil de solidaritéPACS
77%
JérômeC
57%
ActiniumAc
54%
OnomatopéeTAC
42%
Cuir cheveluSCALP
39%
Brahmanes, Kshatriyas, Vaishyas, Shudras, IntouchablesCASTE
29%
Type de jazz avec des onomatopéesSCAT
29%
Lettres majusculesCAPITALES
28%
ChâteauxPALACES
19%
101 325 au niveau de la merPASCAL
19%
Relatives à l'apexAPICALES
5%
Accumulation de liquide dans l'abdomenASCITE
5%
Rapidité d'espritSAGACITÉ
3%
Rendus galactiquesGALACTISES
1%
Attentat à la bombePLASTICAGE
1%
Pluriel du précédentPLASTICAGES
1%
Manifestations de ticsTICAGES
1%
Pour raidir un tissuCATISSAGE
0%

Distribution des résultats

Percentile par nombre de réponses

% des personnes avec chaque résultat

Votre développement - résultats

Vous n’avez pas pris ce quiz